000 01164nam a2200313 a 4500
001 000009134
003 DO-SdBNP
005 20250502073818.0
008 090928s1985 dr r 001 p spa d
040 _aDO-SdBNP
_bspa
_cBNPHU
082 _aRD861.3
_bU75p, 1985
100 1 _aUreña de Henríquez, Salomé ,
_d1850-1897
_9920
245 1 0 _aPoesías completas /
_cSalomé Ureña Henríquez ; prólogo Jaime A. Viñas Román.
250 _a6a. ed.
260 _aSanto Domingo :
_bONAP,
_c1985.
300 _a350 p. ;
_c22 cm.
490 1 _aFeria del Libro
_v2
_aONAP
500 _aIncluye referencias bibliográficas y notas al pie de las páginas
504 _aBibliografía : p. 341-342
590 _aInventariado, 2018/BT
600 1 4 _aUREÑA HENRÍQUEZ, SALOMÉ
_d1850 - 1897
_xCRÍTICA E INTERPRETACIÓN
_923795
650 0 _aPoesía dominicana
_966
650 0 _aLiteratura dominicana.
_967
700 1 2 _aViñas Román, Jaime A.,
_epról.
_923796
710 1 _aRepública Dominicana.
_bOficina Nacional de Administración y Personal
_926398
830 0 _aFeria del Libro
_n2
_923797
910 _aValidado. Control de calidad. MFF
942 _2ddc
_cLBS1
999 _c8898
_d8898